|
|
|
|
| LEADER |
01557nam a2200337 a 4500 |
| 001 |
EBC786898 |
| 003 |
MiAaPQ |
| 005 |
20200520144314.0 |
| 006 |
m o d | |
| 007 |
cr cn||||||||| |
| 008 |
111212s2011 sz sb 000 0 eng d |
| 020 |
|
|
|z 9789221245810
|
| 020 |
|
|
|a 9789221245827 (electronic bk.)
|
| 035 |
|
|
|a (MiAaPQ)EBC786898
|
| 035 |
|
|
|a (Au-PeEL)EBL786898
|
| 035 |
|
|
|a (CaPaEBR)ebr10512011
|
| 035 |
|
|
|a (OCoLC)769189989
|
| 040 |
|
|
|a MiAaPQ
|c MiAaPQ
|d MiAaPQ
|
| 050 |
|
4 |
|a HD87
|b .T44 2011
|
| 245 |
0 |
0 |
|a There is an alternative
|h [electronic resource] :
|b economic policies and labour strategies beyond the mainstream /
|c edited by Nicolas Pons-Vignon.
|
| 260 |
|
|
|a Geneva :
|b International Labour Office,
|c 2011.
|
| 300 |
|
|
|a xvi, 130 p.
|
| 504 |
|
|
|a Includes bibliographical references.
|
| 505 |
0 |
|
|a pt. 1. A luta continua : global trade union struggles -- pt. 2. Rethinking European economic governance -- pt. 3. Development policies : time to do away with the neoliberal dogma -- pt. 4. Inequality at the root of the crisis -- pt. 5. Workers' rights and wage-led recovery : the basis for sustainable growth.
|
| 533 |
|
|
|a Electronic reproduction. Ann Arbor, MI : ProQuest, 2015. Available via World Wide Web. Access may be limited to ProQuest affiliated libraries.
|
| 650 |
|
0 |
|a Economic policy.
|
| 650 |
|
0 |
|a Labor policy.
|
| 655 |
|
4 |
|a Electronic books.
|
| 700 |
1 |
|
|a Pons-Vignon, Nicolas.
|
| 710 |
2 |
|
|a ProQuest (Firm)
|
| 856 |
4 |
0 |
|u https://ebookcentral.proquest.com/lib/matrademy/detail.action?docID=786898
|z Click to View
|